Statistics for Five highest scoring Countries by the Social Progress Index by Continent

Click here to take the quiz!

General Stats

  • This quiz has been taken 53 times
  • The average score is 21 of 28

Answer Stats

ContinentSPICountry% Correct
North America82.85United States of America
96%
Europe86.75Finland
96%
North America86.89Canada
96%
Oceania86.42Australia
94%
Europe88.36Norway
94%
Africa65.64South Africa
94%
Oceania87.08New Zealand
92%
Europe88.06Sweden
92%
South America70.89Brazil
90%
South America73.08Argentina
90%
Europe87.62Iceland
88%
Asia77.7South Korea
88%
South America78.29Chile
85%
South America68.85Colombia
83%
Europe87.97Switzerland
81%
South America79.21Uruguay
81%
North America77.88Costa Rica
75%
North America71.79Panama
75%
Asia72.6Israel
73%
Oceania55.39*Papua New Guinea
71%
North America69.83Jamaica
54%
Asia72.79United Arab Emirates
52%
Africa62.71Namibia
52%
Africa73.66Mauritius
52%
Africa65.22Botswana
50%
Asia77.45Cyprus
40%
Africa64.92Tunisia
40%
Asia69.55Malaysia
31%

Score Distribution

Percentile by Number Answered

Percent of People with Each Score

Your Score History

You have not taken this quiz